Riconosci il Trasferimento - Quiz n°11 (Speciale anni 2000) - Statistics

Statistiche generali
  • Questo quiz è stato fatto 769 volte
    761 dall'ultimo reset
  • Il punteggio medio è 10 su 20
Statistiche sulle risposte
Ruolo Nazione Trasferimenti Calciatore % Corretto
Portiere Brasile Vitoria 1992 - Cruzeiro 1994 - Lugano 1999 - Corinthians 1999 - Milan 2000 - Corinthians 2001 - Milan 2002 - Portoguesa 2012 - Grêmio 2013 - Internacional 2014 Dida
88%
Difensore Spagna Barcellona B 1997- Barcellona 1999 Carles Puyol
87%
Centrocampista/Attaccante Portogallo Sporting Lisbona 1989 - Barcellona 1995 - Real Madrid 2005 - Inter 2005 Luis Figo
71%
Difensore Olanda Zwolle 1992 - Cambuur 1993 - Willem II - PSV 1996 - Manchester United 1998 - Lazio 2001 - Milan 2004 - Ajax 2006 Jaap Stam
69%
Attaccante Germania Blaubach-Diedelkopf 1997 - Homburg II 1998 - Homburg 1998 - Kaiserslautern 1999 - Werder Brema 2004 - Bayern Monaco - Lazio 2011 Miroslav Klose
69%
Centrocampista Italia Perugia 1995 - Rangers 1997 - Salernitana 1998 - Milan 1999 - Sion 2012 Gennaro Ivan Gattuso
61%
Attaccante Italia Modena 1994 - Empoli 1996 - Fiorenzuola 1997 - Lodigiani 1998 - Treviso 1999 - Vicenza 2000 - Brescia 2001 - Palermo 2003 - Fiorentina 2005 - Bayern Monaco 2007 - Roma 2010 - Genoa 2010 - Juventus 2011 - Al-Nasr 2012 - Fiorentina 2012 - Verona 2013 Luca Toni
60%
Centrocampista Framcia Cannes 1993 - Milan 1995 - Arsenal 1996 - Juventus 2005 - Inter 2006 - Manchester City Patrick Vieira
56%
Difensore Colombia Deportivo Rionegro 1994 - Atletico Nacional 1996 - San Lorenzo 1998 - Inter 2000 Iván Córdoba
54%
Difensore Argentina Newell's Old Boys 1996 - Boca Juniors 1997 - Roma 2000 - Real Madrid 2004 - Inter 2005 - Basilea 2014 Walter Samuel
47%
Centrocampista Portogallo Corinthians 1996 - Benfica 1997 - Alverca 1997 - Porto 1999 - Barcellona 2004 - Chelsea 2008 - Fluminense 2010 Deco
44%
Difensore/Centrocampista Italia Renato Curi 1994 - Chieti 1998 - Perugia 2001 - Palermo 2004 - Inter 2006 - Olympique Lione 2007 - Juventus 2009 Fabio Grosso
42%
Attaccante Uruguay Danubio 1993 - Nacional 1996 - Inter 1997 - Venezia 1999 - Inter 1999 - Torino 2007 - Paniōnios 2008 - Danubio 2010 - Nacional 2011 Álvaro Recoba
38%
Difensore/Centrocampista Croazia Hjduk Spalato 1999 - Shakhtar 2003 - Cagliari 2018 Darijo Srna
36%
Difensore Italia Genoa 1991 - Milan 1993 - Real Madrid 1997 - Inter 1999 - Chelsea 2000 - Monaco 2001 - Roma 2001 - Parma 2009 Christian Panucci
35%
Difensore Inghilterra Manchester United 1992 Gary Neville
32%
Portiere Germania Schalke 04 1988 - Milan 1998 - Borussia Dortmund 1999 - Arsenal 2003 - Stoccarda 2008 - Arsenal 2010 Jens Lehmann
32%
Difensore Portogallo Porto 1997 - Leça 1997 - Porto 1998 - Vitória Futebol 1999 - Alverca 2000 - Porto 2001 - Chelsea 2004 - Real Madrid 2010 - Monaco 2013 - Shanghai SIPG 2017 Ricardo Carvalho
32%
Attaccante Olanda Quick Boys 1997 - Utrecht 1998 - Feyenoord 2003 - Liverpool 2006 - Fenerbahçe 2012 - Feyenoord 2015 - Quick Boys 2018 Dirk Kuijt
31%
Centrocampista Spagna Levante 1997 - Valencia 2000 - Brighton 2011 Vicente
5%
Nessun quiz corrispondente trovato
Distribuzione punteggi
Percentuale di utenti per punteggio
Percentile per numero di risposta
I tuoi punteggi nel tempo
Non hai fatto questo quiz dall'ultimo reset